| 000 | 00675nam a2200229 a 4500 | ||
|---|---|---|---|
| 001 | 32328 | ||
| 003 | BD-RjUL | ||
| 005 | 20211209051822.0 | ||
| 008 | 160820m19661964enk b 001 0 eng d | ||
| 035 | _a(BD-RjUL)32417 | ||
| 040 |
_aDLC _cOMC _dBD-RjUL _beng |
||
| 041 | _aeng | ||
| 082 | 0 | 4 |
_a348.97 _bSCA 1966 _223 |
| 100 | 1 |
_aSchacht, Joseph _998344 |
|
| 245 | 1 | 3 |
_aAn introduction to Islamic law / _cJoseph Schacht |
| 260 |
_aOxford : _bAt The Clarendon Press, _c1966. |
||
| 300 |
_avi, 304 p. ; _c23 cm. |
||
| 504 | _aBibliography: p. [215]-285. and Index | ||
| 650 | 0 |
_aIslamic law _xHistory _997935 |
|
| 650 | 0 |
_aIslamic law _xSocial aspects _9148070 |
|
| 942 |
_2ddc _cBK |
||
| 999 |
_c32328 _d32328 |
||